000 00644nam a2200205Ii 4500
003 JO-AjNU
008 230606s9999||||xx |||||||||||||| ||und||
020 _a978--18-203-2974-0
040 _aJO-AjNU
_beng
_erda
_cJO-AjNU
041 _aeng
050 1 4 _aQA 154 .2 .D388 2006
100 3 _aDatta, Ushri. Muktibodh,Mohgaonkar,
_eauthor
_93751
245 0 0 _a Algebra and Trigonometry
264 3 1 _aNEW JERSEY:printic-hall,2004
300 _a340p
_bIncludes index(pages 339-341).
336 _atext
_btxt
_2rdacontent
337 _aunmediated
_bn
_2rdamedia
338 _avolume
_bnc
_2rdacarrier
650 4 _a Algebra and Trigonometry
_93752
999 _aE1958
_c1958
_d1958